000 00408nam a22001697a 4500
003 MACL
005 20151226132130.0
008 151226b xxu||||| |||| 00| 0 eng d
040 _cMACL
041 _aEnglish
082 _a824/BAR
100 _aBaruah Kr. Dr. Rohini
_922827
245 _aWeeds In The Orchard
260 _aGuwahati
_bChandra Prakash
_c2009
650 _aEssays
_922828
942 _2ddc
_cBK
999 _c51915
_d51915